[Event "Dos Hermanas"]
[Site "Dos Hermanas ESP"]
[Date "2005.04.01"]
[Round "1"]
[White "Illescas Cordoba, Miguel"]
[Black "Dominguez, Lenier"]
[Result "1-0"]
[WhiteElo "2633"]
[BlackElo "2658"]
[Annotator "Illescas, M"]
[PlyCount "87"]
[EventDate "2005.04.01"]
[EventType "tourn"]
[EventRounds "9"]
[EventCountry "ESP"]
[EventCategory "16"]
[Source "EDAMI"]
[SourceDate "2006.12.20"]

1. d4 d5 2. c4 c6 3. Nf3 Nf6 4. Nc3 dxc4 5. a4 Bf5 6. e3 e6 7. Bxc4 Bb4 8. O-O
Nbd7 9. Qe2 Bg4 10. h3 Bxf3 11. Qxf3 O-O 12. Rd1 Rc8 13. Ne4 $5 {Esta jugada
fue calificada como dudosa por Beliavski en el Informador 60, sin embargo creo
que merece atención. Las blancas, al disponer de la pareja de alfiles,
pretenden lograr un cambio de caballos que estratégicamente les resulta
favorable.} ({Las negras igualaron sin problemas en una partida clásica:} 13.
Bd3 Re8 14. Bd2 a6 15. Ne4 Qa5 16. Qe2 Nxe4 17. Bxe4 Rcd8 18. Bxb4 Qxb4 19. Qc2
Nf6 20. Bf3 Rd7 $11 {Razuvaev,Y-Chernin,A/Tilburg 1994}) ({
Recientemente Domínguez tuvo éxito con esta variante:} 13. e4 e5 14. Be3 Qa5
15. Ne2 exd4 16. Bxd4 Ne5 17. Qb3 Rce8 18. Ng3 g6 19. Rac1 Nfd7 20. Qe3 Nxc4
21. Rxc4 c5 22. Qh6 cxd4 23. Rdxd4 Be7 24. Nf5 gxf5 25. Rxd7 Qe5 26. exf5 Bf6
27. Rg4+ Kh8 28. Rxb7 Bg7 29. Qd2 Rd8 30. Qc2 Qe1+ 31. Kh2 Be5+ 32. f4 Bd4 33.
h4 h5 {0-1 Stefansson,H-Dominguez,L/Calvia ESP 2004}) 13... Nxe4 ({Tras} 13...
Qa5 14. Nxf6+ Nxf6 15. e4 {las blancas quedan mejor, por ejemplo:} e5 16. Bg5
Be7 17. Qf5 Qb4 18. dxe5 Qxc4 19. exf6 Bxf6 20. Bxf6 gxf6 21. Qxf6 $16 {
Palo,D-Otterstaetter,S/Bad Woerishofen 2004}) 14. Qxe4 Qa5 15. Qc2 $1 {
Me costó mucho decidirme por esta jugada - poniendo la dama bajo la influencia
de la torre enemiga - , ya que yo ignoraba que todavía estamos en terreno
conocido. La idea de las blancas por el momento es responder a c5 con el
avance d5. Para eso la dama estaba mal en e4 o f3, ya que podía ser incordiada
por el caballo negro.} Nb6 16. Bd3 g6 ({Una posible mejora sería} 16... h6) 17.
e4 c5 $146 {Solo esta jugada es nueva.} ({Se había jugado} 17... Rfd8 18. Be2 {
Beliavsky,A-Ivanchuk,V/Munich 1994} {y si ahora se intenta el avance temático}
c5 {las blancas pueden responder} 19. d5 $5 exd5 20. Bg5 $1 {
y las negras deben tener cuidado con Bg4}) 18. dxc5 $1 ({Resulta ineficaz} 18.
d5 c4) 18... Bxc5 (18... Nd7 19. Bh6 Rfd8 20. Bg5 $14) 19. Qb3 {Aquí se dio
cuenta Domínguez que la posición era más difícil de lo que aparenta. A pesar
de haber logrado romper las negras todavía no han igualado: por el momento
deben atender la amenaza Bd2} Qb4 $6 {Esta jugada conduce a un difícil final,
pero las alternativas tampoco son agradables:} (19... Bb4 20. Be3 $14) (19...
Bd4 20. Bb5 Rfd8 21. Bg5 $16) (19... Nd7 20. Qxb7 $16) 20. Qxb4 Bxb4 21. a5 $1
Na8 {Triste necesidad,} ({pero no servía} 21... Nc4 22. Ra4 {ganando pieza y})
({tampoco parece buena} 21... Nd7 22. Bh6 Rfd8 23. Bg5 f6 24. Bb5 fxg5 25. Bxd7
$16) 22. Bh6 $1 Rfd8 23. a6 $1 {Las blancas deben jugar con energía para
aprovechar la momentánea situación del caballo en a8.} bxa6 (23... b6 24. Bg5
Rd7 25. Bb5 Rxd1+ 26. Rxd1 $16) 24. Bxa6 Rxd1+ 25. Rxd1 Rb8 26. Bf4 Re8 27. Rd7
$16 {La ventaja es clara. Ahora me propuse mantener el caballo a raya, sin
prisa por capturar material.} Bc5 28. Be5 Bb6 29. g4 $1 {Un procedimiento
típico: aprovechando la posición dominante de mis piezas gano espacio en el
flanco de rey: las negras están atadas y cualquier intento de actividad cuesta
por lo menos el peón de a7.} Rd8 30. Rb7 Kf8 (30... Rd1+ 31. Kg2 Rd2 32. Bc3
Rxf2+ 33. Kg3 $18) 31. Bf6 Re8 32. Bb5 Rc8 33. Bd7 {Ha llegado el momento de
transformar la ventaja posicional en material. Tras el desalojo de la torre de
la primera línea las negras deberán abandonar el peón a7 a su cruel destino.}
Rc1+ 34. Kg2 Bc7 {Necesaria para evitar la entrada en b8.} 35. Rxa7 Nb6 {
Por fin sale el caballo de su encierro, pero sus perspectivas no son muy
halagüeñas.} 36. Bb5 e5 37. b3 $1 {Limitando el juego del caballo y preparando
la circulación del alfil vía c4. La excelente situación del alfil en f6 limita
los recursos defensivos de las negras. La suerte está echada y el resto no
ofrece dificultades.} Rc5 38. Bc4 h6 39. h4 g5 40. hxg5 hxg5 41. Bd5 Ke8 42. b4
Rc3 43. Bxf7+ Kxf7 44. Bxe5 1-0

[Event "Dos Hermanas"]
[Site "Dos Hermanas ESP"]
[Date "2005.04.04"]
[Round "4"]
[White "Illescas Cordoba, Miguel"]
[Black "Radjabov, Teimour"]
[Result "0-1"]
[WhiteElo "2633"]
[BlackElo "2673"]
[Annotator "Illescas, M"]
[PlyCount "86"]
[EventDate "2005.04.01"]
[EventType "tourn"]
[EventRounds "9"]
[EventCountry "ESP"]
[EventCategory "16"]
[Source "EDAMI"]
[SourceDate "2006.12.20"]

{Una buena partida de Radjabov que juega con gran sentido posicional la
difícil Indobenoni.} 1. d4 Nf6 2. c4 g6 3. g3 Bg7 4. Bg2 O-O 5. Nc3 c5 6. d5 d6
7. Nf3 e6 8. O-O exd5 9. cxd5 Re8 10. Bf4 h6 11. Rc1 Nh5 $1 $146 ({
Sin duda más lógica quer la conocida} 11... Na6) 12. Bd2 Nd7 {
El caballo negro aspira un día a instalarse en e5.} 13. Re1 ({
Quizá era el momento de iniciar acciones en el flanco de dama con} 13. b4 $5)
13... a6 14. a4 Nhf6 15. b3 {Las blancas han hecho un planteo sólido, aunque
algo pasivo.  La siguiente jugada de Radjabov me sorprendió.} g5 $5 {Ganando es
pacio en el flanco de rey. Debo admitir que sobreestimé mis posibilidades y
decidí castigar el osado avance. Las próximas jugadas marcaron el destino de
la partida.} 16. h4 $6 {Dado que Radjabov gastaba mucho tiempo opté por jugar
rápido, intuitivamente, para presionarlo: calculé que a las negras les
resultaría imposible evitar que mi caballo se instalara en f5 vía h2-f1-e3.} ({
Mucho más prudente era} 16. h3 {
tratando de explotar la debilidad de f5 por medios más pausados.}) 16... g4 17.
Nh2 Ne5 18. Qc2 {
Con idea de Nh2-f1-e3-f5, con el eventual apoyo de Nc3-e4, pero...} Nh5 $1 {
Tras esta exacta jugada - que omití en mis cálculos previos - comprendí que
había metido la pata. Las negras llegan a tiempo de controlar la casilla f5
con lo que el plan de las blancas se demuestra incorrecto.} 19. e3 $2 {
Suele pasar que un error conduce a otro. Comprendí que no podía permitir el
avance f5-f4 y opté por esta jugada, planeando instalar un fuerte caballo en
f4 vía e2, pero ello da nuevas opciones a las negras.} ({Era mejor seguir con} 
19. Nf1 f5 {y solo ahora} 20. e3) 19... Qf6 $1 {!Muy acertada! dado que las
blancas han retrasado la maniobra Nf1-e3 las negras tienen tiempo de llevar su
alfil a f5 forzando el avance e4, tras lo cual  la maniobra Nce-e2-f4 pierde
toda su fuerza.} 20. Ne2 Bf5 21. e4 Bd7 22. Nf4 Nxf4 23. Bxf4 {Aquí habría
querido yo poder tomar con el peón e para desalojar al caballo enemigo de e5.}
b5 $1 {Ocho jugadas después de su valiente avance g5 las negras han logrado el
sueño de la Benoni: caballo dominante en e5, mayoría blanca paralizada en el
centro y flanco de rey y cómodo despliegue de la mayoría negra en el flanco de
dama con el apoyo inestimable de sus alfiles. Estratégicamente la posición
está perdida. Radjabov remata con buena técnica.} 24. Nf1 Rec8 25. Qd1 h5 26.
Ne3 Bh6 27. Bxh6 Qxh6 28. axb5 axb5 29. Ra1 Qf6 30. Nc2 b4 31. Qd2 Kg7 32. Rxa8
$6 {Esta jugada precipita el desenlace; más resistencia ofrecía una estrategia
de espera.} Rxa8 33. Ra1 Rxa1+ 34. Nxa1 c4 $1 35. bxc4 Nxc4 36. Qc1 Qc3 $19 37.
Qxc3+ bxc3 38. f3 Ba4 39. Bf1 Ne5 40. f4 Nf3+ 41. Kf2 c2 42. Nxc2 Bxc2 43. Ke3
Bxe4 0-1

[Event "Dos Hermanas"]
[Site "Dos Hermanas ESP"]
[Date "2005.04.05"]
[Round "5"]
[White "Azmaiparashvili, Zurab"]
[Black "Dreev, Alexey"]
[Result "1-0"]
[WhiteElo "2671"]
[BlackElo "2705"]
[Annotator "Illescas, M"]
[PlyCount "91"]
[EventDate "2005.04.01"]
[EventType "tourn"]
[EventRounds "9"]
[EventCountry "ESP"]
[EventCategory "16"]
[Source "EDAMI"]
[SourceDate "2006.12.20"]

{Dos grandes especialistas de la Eslava frente a frente. Esta defensa tuvo una
gran presencia en esta edición de Dos Hermanas. Entre paréntesis ofrecemos
algunas de las partidas más relevantes.} 1. d4 d5 2. c4 c6 3. Nf3 Nf6 4. e3 Bf5
(4... e6 5. b3 Nbd7 6. Bb2 b6 7. Nbd2 Bb7 8. Bd3 Be7 9. O-O O-O 10. Qe2 c5 11.
cxd5 Nxd5 12. Rfd1 Qc7 13. Rac1 Rad8 14. Nc4 Qb8 15. Bb1 N5f6 $11 {
Rustemov,A-Dominguez,L/Dos Hermanas 2005}) (4... a6 5. Qc2 Bg4 6. Ne5 Bh5 7.
Qb3 Qc7 8. Nc3 e6 9. Bd2 Bd6 10. c5 $1 Be7 11. e4 $1 Nbd7 12. Bf4 Qc8 13. Bd3
O-O 14. O-O Nxe5 15. Bxe5 Bg6 16. Na4 $6 dxe4 $1 17. Nb6 Qd8 18. Nxa8 exd3 19.
Qxb7 Qxa8 20. Qxe7 Nd5 21. Qh4 Qb7 22. b3 Qb4 23. f3 f6 24. Bd6 Re8 25. Rac1
Nc3 26. Rxc3 Qxc3 $15 {Azmaiparashvili,Z-Illescas Cordoba,M/Dos Hermanas 2005})
5. Nc3 e6 6. Nh4 {Una línea de moda que actualmente juega casi toda la élite.
Aquellos tiempos en que se consideraba que los caballos y alfiles valían lo
mismo parecen haber quedado muy atrás... En muchas líneas modernas las blancas
hacen grandes esfuerzos y bastantes concesiones para conseguir la ventaja de
la pareja de alfiles.} Be4 (6... Bg6 7. Nxg6 hxg6 8. g3 ({Más crítica parece} 
8. Bd2 Nbd7 {
que se dió en Dreev,A-Felgaer,R, partida que se comenta más adelante.}) 8...
Bb4 9. Bd2 Bxc3 10. Bxc3 Ne4 11. Bg2 Nxc3 12. bxc3 Qc7 13. Rb1 Nd7 14. Qb3 b6
15. O-O {1/2-1/2 Azmaiparashvili,Z-Rustemov,A/Dos Hermanas 2005}) 7. f3 Bg6 8.
Qb3 Qc7 9. Bd2 Be7 10. Rc1 Nbd7 11. cxd5 $1 $146 ({Una mejora respecto a} 11.
g3 Nb6 12. cxd5 exd5 13. Be2 O-O $11 {Sokolov,I-Peng,Z/Wijk aan Zee 2002})
11... exd5 12. g4 $1 {
Las blancas conducen esta fase del juego con gran energía.} Qb6 13. g5 Ng8 14.
e4 $1 Qxb3 15. axb3 dxe4 16. fxe4 Bb4 17. Nxg6 hxg6 18. Bc4 Nb6 19. O-O Nxc4
20. bxc4 Ne7 21. Bf4 Rd8 22. d5 {La ventaja de Azmaiparashvili no es decisiva
pero sí clara y estable. Con buen juego no dará tregua a su rival a pesar de
su tenaz defensa.} Nc8 23. Kg2 O-O 24. Na2 Be7 25. Rfd1 f6 26. gxf6 gxf6 27. c5
cxd5 28. exd5 Rd7 29. b4 a6 30. Nc3 Kf7 31. d6 Bd8 32. Na4 g5 33. Bg3 Na7 34.
c6 Nxc6 35. Nc5 Nb8 36. Re1 f5 37. Nxd7 Nxd7 38. Bf2 Nf6 39. Rc5 Kg6 40. Rc8
Be7 41. Rxf8 Bxf8 42. Re6 Kf7 43. Rxf6+ Kxf6 44. d7 Be7 45. Bb6 f4 46. Kf3 1-0

[Event "Dos Hermanas"]
[Site "Dos Hermanas ESP"]
[Date "2005.04.05"]
[Round "5"]
[White "Radjabov, Teimour"]
[Black "Karjakin, Sergey"]
[Result "1-0"]
[WhiteElo "2673"]
[BlackElo "2635"]
[Annotator "Illescas, M"]
[PlyCount "61"]
[EventDate "2005.04.01"]
[EventType "tourn"]
[EventRounds "9"]
[EventCountry "ESP"]
[EventCategory "16"]
[Source "EDAMI"]
[SourceDate "2006.12.20"]

{Uno de los principales problemas de Karjakin parece ser su repertorio de
aperturas con negras. Tanto en esta partida como en la última ronda con Dreev
el joven ucraniano no pudo levantar cabeza tras un planteamiento desfavorable.
} 1. e4 e5 2. Nf3 Nc6 3. d4 exd4 4. Nxd4 Nf6 5. Nxc6 bxc6 6. e5 Qe7 7. Qe2 Nd5
8. c4 Nb6 9. Nc3 Qe6 10. Qe4 Ba6 11. b3 {En mi opinión, una línea de juego muy
dudosa para las negras. La estructura de peones es muy favorable a las blancas.
Particularmente el tandem b3-c4 paraliza la actividad de las piezas negras en
el flanco de dama.} Bb4 12. Bd2 Bxc3 13. Bxc3 d5 {Las negras necesitan
realizar este avance rompiendo la cadena b3-c4. Para evitar la sencilla
captura exd6 han debido cambiar el alfil de negras por el caballo en c3 que
daba cobertura a la dama blanca. Se me antoja que esta estrategia de juego
está absolutamente "cogida por los pelos" y no puede ser buena.} 14. Qh4 $1
dxc4 15. Rc1 $1 O-O 16. Be2 Nd5 {
Una novedad que no parece solucionar los problemas de las negras en esta línea.
} ({Se había jugado} 16... Nd7 17. O-O Nxe5 18. Rfe1 f6 19. Bxe5 fxe5 20. Bxc4
Bxc4 21. Qxc4 Qxc4 22. Rxc4 $14 {Macieja,B-Kortschnoj,V/Mallorca ol 2004 (36)})
17. Ba1 Nb4 18. bxc4 Rad8 19. O-O {El balance de apertura es muy bueno para
las blancas. Mantienen la pareja de alfiles y mejor estructura de peones.
Karjakin se esfuerza en encontrar algo concreto que justifique las concesiones
estratégicas realizadas.} Nd3 ({Tras} 19... Nxa2 20. Rcd1 Rxd1 21. Rxd1 Nb4 22.
Rd8 {la compensación de las blancas es enorme.}) 20. Rc3 $1 {
Sacrificando un peón con toda lógica.} Nxe5 {
Tras esta captura el alfil de a1 es un monstruo.} 21. Re3 Ng6 22. Qg5 Qd7 23.
h4 {Comienza la fase de demolición. La dominación blanca es aplastante.} f6 24.
Qa5 $1 {La dama se muestra muy ágil jugando por la quinta fila. Además de la
iniciativa en el flanco de rey se pone de manifiesto que la situación en el
otro sector es también desastrosa para las negras.} Qc8 25. Rg3 Qe6 26. Re3 Qc8
27. Re1 $1 {Situación de parálisis. El joven jugador de Ucrania se lanza a un
juego desesperado.} Nxh4 $2 ({Tras} 27... c5 28. Qxc5 Bb7 29. h5 Nf4 30. Bf1
$16 {la ventaja de las blancas es indiscutible.}) 28. Rh3 $18 Ng6 29. Qh5 $1
$18 {La dama blanca - con jugadas largas - es omnipresente. La entrada en h7
decide en pocas jugadas.} Qe6 30. Qxh7+ Kf7 31. Rg3 (31. Rg3 Qf5 32. Bh5) 1-0

[Event "Dos Hermanas"]
[Site "Dos Hermanas ESP"]
[Date "2005.04.09"]
[Round "9"]
[White "Dreev, Alexey"]
[Black "Karjakin, Sergey"]
[Result "1-0"]
[WhiteElo "2705"]
[BlackElo "2635"]
[Annotator "Illescas, M"]
[PlyCount "83"]
[EventDate "2005.04.01"]
[EventType "tourn"]
[EventRounds "9"]
[EventCountry "ESP"]
[EventCategory "16"]
[Source "EDAMI"]
[SourceDate "2006.12.20"]

1. d4 d5 2. c4 dxc4 3. Nf3 Nf6 4. e3 e6 5. Bxc4 a6 6. O-O c5 7. Bb3 b5 {
Esta jugada es bastante dudosa y del todo innecesaria. Conduce a un juego muy
forzado donde las negras deberán sufrir mucho por las debilidades queacarreará 
este movimiento en el flanco de dama.} 8. a4 $1 b4 9. Nbd2 Bb7 10. e4 $1 Be7
11. e5 Nfd7 12. Nc4 O-O 13. Bc2 cxd4 (13... Nc6 14. Qd3 g6 15. Bh6 Re8 16. dxc5
Nxc5 {Illescas,M-Karjakin,S/Dos Hermanas 2003} 17. Qe3 $1 $16) 14. Qxd4 b3 15.
Bxb3 Bxf3 16. gxf3 Nc6 17. Qe3 Qc7 18. f4 {Las negras han entregado un peón
para sacudirse la presión rival y deteriorar su estructura de peones, pero al
fin y al cabo la compensación parece insuficiente. Dar un peón de salida a un
jugador como Dreev parece una estrategia poco adecuada.} Nc5 $146 {
Una novedad que no altera la valoración de la posición.} ({Se había jugado} 
18... Bc5 19. Qe4 Nd4 20. Bd1 Rab8 21. Bd2 Qa7 22. Bc3 f5 23. Qd3 Rfd8 24. b4
Rxb4 25. Bxb4 Bxb4 26. Rb1 a5 27. Nd6 Bxd6 28. exd6 Nf6 29. Bf3 Rxd6 30. Rb7
Qc5 31. Qe3 Nd5 32. Rb8+ Kf7 33. Rb7+ Kg8 34. Rb8+ Kf7 35. Rb7+ Kg8 36. Bh5 g6
37. Qe5 {1-0 Banikas,H-Moutousis,K/Athens 2004}) 19. Bd1 Rad8 20. Ra3 Nd4 21.
Nd6 Nf5 22. Nxf5 exf5 23. Rc3 a5 24. b3 Qb6 25. Ba3 Rc8 26. Bf3 Rc7 27. Rfc1
Rfc8 28. Bd5 Qg6+ 29. Kh1 Qa6 30. h3 {Con paciencia las blancas van mejorando
su posición mientras que las negras deben permanecer a la espera.} Qb6 31. Kh2
Kf8 32. Rc4 Qa7 33. b4 {Por fin Dreev se decide a progresar: el peón de más
sigue ahí, como una losa sobre la posición de Karjakin.} axb4 34. Bxb4 Qb6 35.
R1c2 g6 36. Qd4 Ke8 37. a5 Qb5 38. a6 Nxa6 39. Bd6 Nc5 40. Bxc7 Rxc7 41. Rb4
Qa6 42. Rb8+ 1-0

[Event "TCh-RUS"]
[Site "Sochi RUS"]
[Date "2005.04.21"]
[Round "3"]
[White "Svidler, Peter"]
[Black "Volokitin, Andrei"]
[Result "1/2-1/2"]
[WhiteElo "2725"]
[BlackElo "2679"]
[Annotator "Ubilava, E"]
[PlyCount "82"]
[EventDate "2005.04.19"]
[Source "EDAMI"]
[SourceDate "2006.12.20"]

{El juego de Svidler es atractivo y muy dinámico, pero aquí parece que
sobrepasa los límites del riesgo razonable, aunque en una lucha tan intensa
como la partida presente, es difícil medir por donde pasa la línea que separa
lo racional de lo irracional. Sin embargo, los "excesos" de nuestra actividad
no solo indican nuestros puntos débiles, sino tambien el coraje y la vocación
de crear valor sobre el tablero.} 1. e4 c5 2. Nf3 e6 3. d4 cxd4 4. Nxd4 Nc6 5.
Nc3 a6 6. Be2 Nge7 {
Si no me traiciona la memoria M.Taimanov era una gran aficionado a esta jugada.
} 7. Bf4 Ng6 8. Bg3 Be7 9. h4 $5 {Interesante idea de Svidler, que abre una
nueva puerta en esta peculiar variante. Las negras prácticamente están
obligadas a tomar el peón "h", lo que significa entregar la iniciativa a su
contricante a cambio de solo un peón.} Bxh4 ({Es más arriesgado} 9... Nxh4 {por
} 10. Nxc6 bxc6 11. Qd4 O-O 12. Bxh4 Bxh4 13. e5 Be7 14. Bd3 h6 15. Qe4) 10.
Nxc6 bxc6 11. Bxh4 Nxh4 12. Qd4 O-O 13. e5 {Esta jugada parece más lógica que}
(13. g3 Ng6 14. O-O-O) 13... Ng6 14. Bd3 f5 ({La continuación} 14... Qg5 {
puede llevar a las negras a una posicion con mayor riesgo:} 15. f4 $1 Qg3+ (
15... Qxf4 16. Qxf4 Nxf4 17. Bxh7+ Kh8 18. O-O-O {
debe terminar mal para Volokitin.}) 16. Kd2 $1 Qxg2+ 17. Be2 Qg3 18. Raf1 {
con gran compensación.}) 15. g4 $5 {Svidler quiere adelantarse a su rival en
tomar la iniciativa. Era mucho más lento} (15. f4 c5 $1 16. Qf2 Rb8 17. O-O-O
Qb6 {y las negras empiezan su contrajuego.}) 15... Qc7 16. f4 c5 17. Qe3 Bb7 {
diagrama} 18. gxf5 $5 {
Las blancas prácticamente no pueden dar marcha atrás, porque si} (18. Rg1 {
el jugador ucraniano podría jugar} d5) 18... Bxh1 19. fxg6 h6 20. O-O-O Bc6 21.
Ne2 {No vale directamente} (21. f5 {por} c4 $1 22. f6 cxd3 23. f7+ Kh8 24. Rd2
{(amenaza Rh2)} Qa7 25. Qg5 Qd4 26. Rh2 d2+ {y las negras ganan.}) 21... Qa5
22. Kb1 Rab8 23. b3 Qb4 24. Ka1 {
Esta jugada es necesaria para colocar el alfil en c4 después de la ruptura f5.}
a5 25. f5 exf5 26. Bc4+ Kh8 27. Nf4 {Parece que las blancas deben hacer poca
cosa para ganar la partida, tan solo hay que sacrificar la torre en h6. Pero
el acceso a la columna "h" está bien vigilado.} Rbe8 28. Rd6 ({No vale} 28. Rd2
{por} Rxe5) 28... a4 29. e6 axb3 30. cxb3 ({Por supuesto pierde} 30. e7 Rxe7
31. Qxe7 {por} Qc3+) 30... Qa3 31. Qc3 ({Después de} 31. Qd2 Rf6 {
no veo jugadas útiles para las blancas.}) 31... Re7 ({Este es uno de los
momentos en que las negras podían cambiar el rumbo de la partida, siguiendo} 
31... Rf6 32. Qb2 Qb4 33. a3 Ra8 34. Ka2 Qe1) 32. Nh5 ({No cambia la posición} 
32. exd7 Bxd7) 32... Ra8 33. Qd2 dxe6 $6 ({La jugada} 33... Qb4 {
permitía a las negras retomar la iniciativa.}) 34. Bxe6 Be4 ({
Supongo que después de} 34... Rxe6 35. Rxe6 Bd5 36. Re7 Bxb3 37. Rxg7 Qxa2+ 38.
Qxa2 Rxa2+ 39. Kb1 Rg2 {las blancas pueden salvar la partida, pero también
existe otra posibilidad, como}) (34... Qa6 {
y eso era más difícil de defender para Svidler.}) 35. Rd8+ ({
La sugerencia de Anand} 35. Bc8 {también lleva al empate} Re8 (35... Rxc8 36.
Rd8+ Re8 37. Rd7 Qa6 38. Qxh6+ gxh6 39. Rh7+ Kg8 40. Rg7+ {tablas}) 36. Rd7
Qxa2+ 37. Qxa2 Rxa2+ 38. Kxa2 Rxc8 39. Rxg7 Rc6 {con igualdad.}) 35... Re8 36.
Rd7 {Ahora las tablas son inevitables.} Rxe6 37. Rxg7 Qxa2+ 38. Qxa2 Rxa2+ 39.
Kxa2 Bf3 40. Rh7+ Kg8 41. Rg7+ Kh8 1/2-1/2